00314nam a2200121Ia 4500008004100000020001800041041001200059100001300071245004500084260004000129300000800169650001500177221030s9999 xx 000 0 und d a9788194833079 aEnglish aA. Ahmad 0aText Book of Mohammedan Lawcby A. Ahmad bCentral Law AgencyaAllahabadc2021 a442 aMuslim Law